| 000 | 00429nam a2200181Ia 4500 | ||
|---|---|---|---|
| 008 | 170918s9999 xx 000 0 und d | ||
| 020 | _a1587260921 | ||
| 050 | _bW553et 2003 | ||
| 100 | _aWharton, Edith | ||
| 245 | _aEthan Frome and summer / | ||
| 245 | _cby Edith Wharton. | ||
| 260 | _aUSA : | ||
| 260 | _bBorders Classic, | ||
| 260 | _c2003 | ||
| 300 | _a229 pages : | ||
| 300 | _billustrations ; | ||
| 300 | _c22cm. | ||
| 999 |
_c343631 _d343631 |
||